000 01296cam a2200301 i 4500
001 41569
003 Mx-PuUPA
005 20250624134501.0
008 140415s2015 mx a gr 000 0 spa d
040 _aMx-PuUPA
_bspa
_cMx-PuUPA
_dMx-PuUPA
_erda
041 0 _aspa
245 1 0 _aSenderos de verdad.
_nVolumen 2 /
_cSMCAF
246 1 4 _aSenderos de verdad 2 :
_baportaciones a las ciencias, las artes y la fe en México.
250 _aPrimera edición
264 1 _aCiudad de México :
_bSociedad Mexicana de Ciencias, Artes y Fe,
_c2015
300 _a619 páginas :
_bilustraciones, tablas ;
_c22 cm
336 _2rdacontent
_atexto
_btxt
337 _2rdamedia
_asin medio
_bn
338 _2rdacarrier
_avolumen
_bnc
500 _a"Entorno a los años 2011 (Año de los Bosques ONU, Año de la Química UNESCO, Cien años del Día Internacional de la mujer); 2012 (Año de la Lectura UNESCO) y 2013 (Año de la Fe en la Iglesia Católica; Año de la Familia ONU)" -- Cubierta
650 7 _2armarc
_aCiencia y fe
650 7 _2armarc
_aReligión y ciencia
650 7 _2armarc
_aFe y razón
650 7 _2armarc
_aSelección natural
710 2 _aSociedad Mexicana de Ciencias, Artes y Fe,
_eeditor
_917235
942 _2ddc
_cLI
_h261.65
_iS47
999 _c41569
_d41569